[Event "St Ingbert op"]
[Site "St Ingbert"]
[Date "1988.??.??"]
[Round "5"]
[White "Priepke, Wolfgang"]
[Black "Lang, Gunter"]
[Result "1-0"]
[WhiteElo "1472"]
[BlackElo "1640"]
[PlyCount "49"]
[EventDate "1988.08.20"]
[EventType "swiss"]
[EventRounds "9"]
[EventCountry "GER"]
[SourceTitle "EXT 2002"]
[Source "ChessBase"]
[SourceDate "2001.11.25"]
[SourceVersion "1"]
[SourceVersionDate "2001.11.25"]
[SourceQuality "1"]

1. e4 e5 2. Nf3 Nc6 3. Bc4 Bc5 4. b4 Bxb4 5. c3 Ba5 6. d4 exd4 7. 0-0 d6 8. cxd4 h6 9. d5 Nce7 10. e5 Bf5 11. Bb2 Rh7 12. Nc3 Bxc3 13. Bxc3 Nc8 14. Re1 Nge7 15. e6 Nb6 16. Bb3 Kf8 17. Bb2 Qe8 18. Nh4 Bg6 19. Nxg6+ Nxg6 20. Bc2 Rh8 21. Qg4 Ne5 22. Bxe5 dxe5 23. Rxe5 f6 24. e7+ Kg8 25. Qe6+ 1-0